书目信息 |
| 题名: |
毕加索
|
|
| 作者: | 耿素丽 著 | |
| 分册: | ||
| 出版信息: | 北京 中国民族摄影艺术出版社 1999 |
|
| 页数: | 421页 | |
| 开本: | 21cm | |
| 丛书名: | ||
| 单 册: | ||
| 中图分类: | K835.515.7 | |
| 科图分类: | ||
| 主题词: | 历史 , 地理 | |
| 电子资源: | ||
| ISBN: | 7-80069-267-1 | |
| 000 | 00696nam0 2200217 45 | |
| 001 | 0405101637 | |
| 005 | 20040510163937.0 | |
| 010 | @a7-80069-267-1@dCNY22.00 | |
| 100 | @a20040510d1999 km y0chiy0120 ea | |
| 101 | 0 | @achi |
| 105 | @a z 000yy | |
| 200 | 1 | @a毕加索@ABi Jia Suo@e现代绘画之父的情欲世界@EXian Dai Hui Hua Zhi Fu De Qing Yu Shi Jie@f耿素丽著@FGeng Su Li Zhu |
| 210 | @a北京@c中国民族摄影艺术出版社@d1999 | |
| 215 | @a421页@d21cm | |
| 517 | @a现代绘画之父的情欲世界@AXian Dai Hui Hua Zhi Fu De Qing Yu Shi Jie | |
| 606 | 0 | @a历史 |
| 606 | 0 | @a地理 |
| 690 | @aK835.515.7@v3 | |
| 701 | 0 | @a耿素丽@4著 |
| 801 | @aCN@bPftUser@c20040510 | |
| 905 | @dK835.515.7@e319@f4@b282143-146 | |
| 毕加索:现代绘画之父的情欲世界/耿素丽著.-北京:中国民族摄影艺术出版社,1999 |
| 421页;21cm |
| ISBN 7-80069-267-1:CNY22.00 |
| ● |
| 相关链接 |
|
|
|
|
正题名:毕加索
索取号:K835.515.7/319
 
预约/预借
| 序号 | 登录号 | 条形码 | 馆藏地/架位号 | 状态 | 备注 |
| 1 | 0282143 | 002821432 | 密集书库/ [索取号:K835.515.7/319] | 在馆 | |
| 2 | 0282144 | 002821441 | 第二借阅区/ [索取号:K835.515.7/319] | 在馆 | |
| 3 | 0282145 | 002821450 | 第二借阅区/ [索取号:K835.515.7/319] | 在馆 | |
| 4 | 0282146 | 002821469 | 密集书库/ [索取号:K835.515.7/319] | 在馆 | |
| 5 | 0282147 | 002821478 | 第二样本阅览室/ [索取号:K835.515.7/319] | 在馆 |